000 01040cam a2200301Ia 4500
001 49399964
003 OCoLC
005 20180606200441.0
008 020326t19961994nyua j 000 1 spa d
020 _a0590926357 (pbk.)
040 _aDAJ
_cDAJ
_dOCLCQ
_dTMI
_dCNL
_dCoBoFLC
041 _aspa
090 _aPZ73
_b.M67 1996
100 1 _aMora, Pat.
240 1 0 _aPablo's tree.
_lSpanish.
245 1 3 _aEl arbol de Pablo /
_cescrito por Pat Mora ; ilustrado por Cecily Lang.
260 _aNew York :
_bScholastic Inc.,
_cc1996.
300 _a32 p. :
_bcol. ill. ;
_c25 cm.
500 _aTranslation of: Pablo's tree.
520 _aEach year on his birthday, a young Mexican American boy looks forward to seeing how his grandfather has decorated the tree he planted on the day the boy was adopted.
650 0 _aBirthdays
_vFiction.
650 0 _aMexican Americans
_vFiction.
650 1 _aGrandfathers
_vFiction.
650 1 _aAdoption
_vFiction.
655 1 _aSpanish language materials.
700 1 _aLang, Cecil.
942 _cBK
999 _c20861
_d20861